Organisational psychology : (Record no. 366769)
[ view plain ]
| 000 -LEADER | |
|---|---|
| fixed length control field | 00914nam a22001937a 4500 |
| 003 - CONTROL NUMBER IDENTIFIER | |
| control field | 0 |
| 005 - DATE AND TIME OF LATEST TRANSACTION | |
| control field | 20241119135949.0 |
| 008 - FIXED-LENGTH DATA ELEMENTS--GENERAL INFORMATION | |
| fixed length control field | 241119b xxu||||| |||| 00| 0 eng d |
| 020 ## - INTERNATIONAL STANDARD BOOK NUMBER | |
| International Standard Book Number | 9781032286365 |
| 050 ## - LIBRARY OF CONGRESS CALL NUMBER | |
| Classification number | HF 5548.8 |
| Item number | .Or74 2024 |
| 245 ## - TITLE STATEMENT | |
| Title | Organisational psychology : |
| Remainder of title | an essential guide / |
| Statement of responsibility, etc | dited by Julia Yates, Lara Zibarras and Lynsey Mahmood. |
| 260 ## - PUBLICATION, DISTRIBUTION, ETC. (IMPRINT) | |
| Place of publication, distribution, etc | New York, NY : |
| Name of publisher, distributor, etc | Routledge, |
| Date of publication, distribution, etc | c2024. |
| 300 ## - PHYSICAL DESCRIPTION | |
| Extent | xv, 250 p. ; |
| Dimensions | 25 cm. |
| 504 ## - BIBLIOGRAPHY, ETC. NOTE | |
| Bibliography, etc | Includes bibliographical references and index. |
| 520 ## - SUMMARY, ETC. | |
| Summary, etc | "Organisational Psychology offers an accessible, engaging and practical introduction to this fascinating discipline. It explores the latest thinking, reveals surprising truths about the way we work, and explains how to craft a successful and fulfilling career in the field"--Provided by publisher. |
| 650 ## - SUBJECT ADDED ENTRY--TOPICAL TERM | |
| Topical term or geographic name as entry element | Psychology, Industrial. |
| 650 ## - SUBJECT ADDED ENTRY--TOPICAL TERM | |
| Topical term or geographic name as entry element | Organizational behavior. |
| 942 ## - ADDED ENTRY ELEMENTS (KOHA) | |
| Source of classification or shelving scheme | Library of Congress Classification |
| Koha item type | Books |
| Withdrawn status | Lost status | Source of classification or shelving scheme | Damaged status | Home library | Current library | Shelving location | Date acquired | Source of acquisition | Sub Shelving location | Total Checkouts | Full call number | Barcode | Date last seen | Price effective from | Koha item type |
|---|---|---|---|---|---|---|---|---|---|---|---|---|---|---|---|
| Library of Congress Classification | College Library | College Library | Reserve Section | 11/19/2024 | Library Fund | HF 5548.8 .Or74 2024 | C24012 | 11/19/2024 | 11/19/2024 | Books |